नटखट कहानियाँः (Record no. 205640)

MARC details
000 -LEADER
fixed length control field 01476nam a22002297a 4500
005 - DATE AND TIME OF LATEST TRANSACTION
control field 20241223122308.0
010 ## - LCCN (DPL NO)
LC control number B-761024-032 07/24,CHHN B-761508
020 ## - INTERNATIONAL STANDARD BOOK NUMBER
International Standard Book Number 9788119206360
Terms of availability 250.00
035 ## - SYSTEM CONTROL NUMBER
System control number B-761024-032
035 ## - SYSTEM CONTROL NUMBER
System control number B-761508
037 ## - SOURCE OF ACQUISITION
Source of stock number/acquisition अद्विक पब्लिकेशन
037 ## - SOURCE OF ACQUISITION
Source of stock number/acquisition उपहार
082 ## - DEWEY DECIMAL CLASSIFICATION NUMBER
Classification number
100 ## - MAIN ENTRY--PERSONAL NAME
Personal name जायसवाल, संजीव
245 ## - TITLE STATEMENT
Title नटखट कहानियाँः
Remainder of title बाल कहानी-संग्रह/
Statement of responsibility, etc संजीव जायसवाल
260 ## - PUBLICATION, DISTRIBUTION, ETC. (IMPRINT)
Place of publication, distribution, etc दिल्ली
Name of publisher, distributor, etc अद्विक पब्लिकेशन प्राइवेट लिमिटेड
Date of publication, distribution, etc 2023
270 ## - ADDRESS
Address 41 हसनपुर आई.पी एक्सटेंशन पटपड़गंज
City दिल्ली
Postal code 110092
300 ## - PHYSICAL DESCRIPTION
Extent 44पृ.;
Dimensions 24सेमी, (आजिल्द)
Other physical details सचित्र
942 ## - ADDED ENTRY ELEMENTS (KOHA)
Institution code [OBSOLETE] dpl
Item type Children Books
Source of classification or shelving scheme Dewey Decimal Classification
Classification part
Call number suffix जायस
Holdings
Withdrawn status Lost status Not for loan Collection code Home library Current library Date acquired Source of acquisition Cost, normal purchase price Full call number Barcode Copy number Cost, replacement price Koha item type Public note
      Fiction Ashok Vihar Ashok Vihar 25/10/2024 अद्विक पब्लिकेशन/058/24/25/17.09.2024/BAL/2023-24/229/03.09.2024/10.10.2024 250.00 क जायस B-761025 1 250.00 Children Books  
      Fiction Bawana Bawana 25/10/2024 अद्विक पब्लिकेशन/058/24/25/17.09.2024/BAL/2023-24/229/03.09.2024/10.10.2024 250.00 क जायस B-761030 1 250.00 Children Books  
      Fiction Central Library Central Library 25/10/2024 अद्विक पब्लिकेशन/058/24/25/17.09.2024/BAL/2023-24/229/03.09.2024/10.10.2024 250.00 क जायस B-761024 1 250.00 Children Books  
      Fiction Central Library Central Library 23/12/2024 उपहार /18/12/2024 250.00 क जायस B-761508 1 250.00 Children Books उपहार
      Fiction R.K.Puram-8 R.K.Puram-8 25/10/2024 अद्विक पब्लिकेशन/058/24/25/17.09.2024/BAL/2023-24/229/03.09.2024/10.10.2024 250.00 क जायस B-761028 1 250.00 Children Books  
      Fiction RCZLS D RCZLS D 25/10/2024 अद्विक पब्लिकेशन/058/24/25/17.09.2024/BAL/2023-24/229/03.09.2024/10.10.2024 250.00 क जायस B-761032 1 250.00 Children Books  
      Fiction Sarojini Nagar Sarojini Nagar 25/10/2024 अद्विक पब्लिकेशन/058/24/25/17.09.2024/BAL/2023-24/229/03.09.2024/10.10.2024 250.00 क जायस B-761027 1 250.00 Children Books  
      Fiction Shahdara Branch Shahdara Branch 25/10/2024 अद्विक पब्लिकेशन/058/24/25/17.09.2024/BAL/2023-24/229/03.09.2024/10.10.2024 250.00 क जायस B-761031 1 250.00 Children Books  
      Fiction Tri Nagar Tri Nagar 25/10/2024 अद्विक पब्लिकेशन/058/24/25/17.09.2024/BAL/2023-24/229/03.09.2024/10.10.2024 250.00 क जायस B-761026 1 250.00 Children Books  
      Fiction Vinoba Puri Vinoba Puri 25/10/2024 अद्विक पब्लिकेशन/058/24/25/17.09.2024/BAL/2023-24/229/03.09.2024/10.10.2024 250.00 क जायस B-761029 1 250.00 Children Books  

© Delhi Public Library
Hit Counter
free hit counter